00000000nam##2200000za#4500
0019.533203
003CaOODSP
00520200327072046
007ta
008150406|2000||||xxc|||||     f|0| 0 fre|d
020 |a0-660-61180-5
040 |aCaOODSP|bfre
041 |aeng
041 |afre
043 |an-cn---
0861 |aBT31-2/2001-III-52
1101 |aCanada. |bConseil du trésor.
24510|aMinistère des Affaires étrangères et du Commerce international
260 |aOttawa - Ontario : |bSecrétariat du Conseil du Trésor du Canada |c2000.
300 |aTexte français, 56p. : |borganigramme, tableaux ; |c28 cm.
4901 |aBudget des dépenses 2000-2001, partie III: rapport sur les plans et les priorités
546 |aBilingue
563 |aCouverture souple
590 |a00-14|b2000-04-07
69107|aPrévisions budgétaires|2gcpds
7760#|tDepartment of Foreign Affairs and International Trade, 2000–2001 estimates, part III, report on plans and priorities |w(CaOODSP)9.567823
7760#|tMinistère des Affaires étrangères et du Commerce international, budget des dépenses 2000–2001, partie III, rapport sur les plans et les priorités |w(CaOODSP)9.599146
791 |tDepartment of Foreign Affairs and International Trade |eeng|w(CaOODSP)9.533202
830#0|aBudget des dépenses 2000-2001, partie III: rapport sur les plans et les priorités.|w(CaOODSP)9.508965